Đô thị Vinh - Từ những năm 1804 đến năm 1974

שמור ב:
מידע ביבליוגרפי
מחבר ראשי: Nguyễn, Quang Hồng
פורמט: ספר
יצא לאור: Nghệ An Đại học Vinh 2019
נושאים:
תגים: הוספת תג
אין תגיות, היה/י הראשונ/ה לתייג את הרשומה!
Thư viện lưu trữ: Trung tâm Học liệu Lê Vũ Hùng, Trường Đại học Đồng Tháp
LEADER 00841pam a22002538a 4500
001 00045359
005 20200218100239.0
008 170920s2016 ||||||Viesd
020 # # |a 9786049234965  |c 0 
041 0 # |a Vie 
082 1 4 |a 915.974 2  |b Đ450TH 
100 # # |a Nguyễn, Quang Hồng 
245 0 0 |a Đô thị Vinh - Từ những năm 1804 đến năm 1974  |c Nguyễn Quang Hồng 
260 # # |a Nghệ An  |b Đại học Vinh  |c 2019 
300 # # |a 355 tr.  |c 21 cm. 
653 # # |a Lịch sử 
653 # # |a Xã hội 
653 # # |a Nghệ An 
653 # # |a Thành phố Vinh 
653 # # |a Việt Nam 
653 # # |a Văn hóa 
852 # # |j KM.0033817  |j KM.0033816  |j KM.0033815  |j KM.0033814  |j KD.0026692 
910 # # |d 18/2/2020 
980 # # |a Trung tâm Học liệu Lê Vũ Hùng, Trường Đại học Đồng Tháp